[Event "Berlin Kreuzberg op"]
[Site "Berlin"]
[Date "2015.07.17"]
[Round "7"]
[White "Krausser, Helmut"]
[Black "Kather, Yannick"]
[Result "0-1"]
[WhiteElo "2104"]
[BlackElo "2037"]
[PlyCount "66"]
[EventDate "2015.07.11"]
[EventType "swiss"]
[EventRounds "9"]
[EventCountry "GER"]
[SourceTitle "CBM 167 Extra"]
[Source "ChessBase"]
[SourceDate "2015.09.14"]
[SourceVersion "1"]
[SourceVersionDate "2015.09.14"]
[SourceQuality "1"]

1. e4 c5 2. Nc3 Nc6 3. g3 g6 4. Bg2 Bg7 5. d3 Rb8 6. a4 d6 7. f4 e6 8. Nf3 Nge7 9. 0-0 0-0 10. Ne2 Qb6 11. c3 Na5 12. Be3 Qxb2 13. e5 Nd5 14. Bd2 c4 15. d4 Nb3 16. Rb1 Qa3 17. exd6 Qxd6 18. Rxb3 cxb3 19. c4 Ne7 20. Qxb3 Nc6 21. d5 exd5 22. cxd5 Re8 23. Re1 Qc5+ 24. Kf1 Na5 25. Bxa5 Qxa5 26. Rd1 Bd7 27. Ne5 Bxe5 28. fxe5 Rxe5 29. Qc3 Rf5+ 30. Kg1 Qxa4 31. Ra1 Qb5 32. Nd4 Qb6 33. Kh1 Rf2 0-1

[Event "Berlin Kreuzberg op"]
[Site "Berlin"]
[Date "2015.07.16"]
[Round "6"]
[White "Kutschke, Jens"]
[Black "Krausser, Helmut"]
[Result "0-1"]
[WhiteElo "1994"]
[BlackElo "2104"]
[PlyCount "52"]
[EventDate "2015.07.11"]
[EventType "swiss"]
[EventRounds "9"]
[EventCountry "GER"]
[SourceTitle "CBM 167 Extra"]
[Source "ChessBase"]
[SourceDate "2015.09.14"]
[SourceVersion "1"]
[SourceVersionDate "2015.09.14"]
[SourceQuality "1"]

1. e4 Nc6 2. d4 e5 3. d5 Nce7 4. Bd3 d6 5. Ne2 g6 6. 0-0 Bg7 7. c4 f5 8. f4 fxe4 9. Bxe4 Nf6 10. Bc2 0-0 11. fxe5 dxe5 12. Nbc3 Qd6 13. Be3 Nf5 14. Bxf5 gxf5 15. c5 Qa6 16. Qb3 Kh8 17. Bg5 Bd7 18. Ng3 f4 19. Nge4 Nxe4 20. Nxe4 Qg6 21. c6 bxc6 22. Nc5 Rab8 23. Qa3 Bf5 24. Be7 Rg8 25. Ne6 e4 26. Kh1 Bxb2 0-1

[Event "Berlin op 07"]
[Site "Berlin"]
[Date "2009.07.23"]
[Round "6"]
[White "Richter, Goetz"]
[Black "Krausser, Helmut"]
[Result "1/2-1/2"]
[WhiteElo "2019"]
[BlackElo "2118"]
[PlyCount "88"]
[EventDate "2009.07.18"]
[EventType "swiss"]
[EventRounds "9"]
[EventCountry "GER"]
[SourceTitle "CBM 131 Extra"]
[Source "ChessBase"]
[SourceDate "2009.09.03"]
[SourceVersion "2"]
[SourceVersionDate "2009.09.16"]
[SourceQuality "1"]

1. e4 c6 2. d4 d5 3. Nd2 g6 4. Ngf3 Bg7 5. h3 Nf6 6. Bd3 dxe4 7. Nxe4 Nxe4 8. Bxe4 0-0 9. 0-0 Nd7 10. c3 Nf6 11. Bd3 Qc7 12. Re1 Re8 13. Ne5 Nd7 14. Bf4 Nxe5 15. Bxe5 Bxe5 16. Rxe5 b6 17. Qd2 f6 18. Re4 e5 19. Rae1 Bf5 20. Bc4+ Kg7 21. R4e3 b5 22. Bb3 Re7 23. g4 Be6 24. dxe5 fxe5 25. Rxe5 Rd7 26. Qg5 h6 27. Qh4 Bxb3 28. axb3 Rf8 29. g5 h5 30. Qe4 Rff7 31. Re6 Rf5 32. Rxg6+ Kxg6 33. Qe6+ Kxg5 34. h4+ Kxh4 35. Qxf5 Rg7+ 36. Kh1 Qd6 37. f3 Qh6 38. Qe4+ Kh3 39. Qf5+ Kh4 40. Qe4+ Kh3 41. Qe5 Rg2 42. Qf5+ Kg3 43. Qe5+ Kh3 44. Qf5+ Kg3 1/2-1/2

[Event "Berlin Kreuzberg op 9th"]
[Site "Berlin"]
[Date "2008.07.21"]
[Round "3"]
[White "Krausser, Helmut"]
[Black "Niehaus, Frank"]
[Result "1/2-1/2"]
[WhiteElo "2122"]
[BlackElo "2185"]
[PlyCount "43"]
[EventDate "2008.07.19"]
[EventType "swiss"]
[EventRounds "9"]
[EventCountry "GER"]
[SourceTitle "EXT 2019"]
[Source "ChessBase"]
[SourceDate "2018.10.10"]
[SourceVersion "1"]
[SourceVersionDate "2018.10.10"]
[SourceQuality "1"]

1. e4 c5 2. Nc3 Nc6 3. Nge2 d6 4. h3 g6 5. g3 Bg7 6. Bg2 e6 7. 0-0 Nge7 8. d3 0-0 9. f4 Rb8 10. g4 f5 11. Ng3 Nd4 12. Nce2 b5 13. c3 Nxe2+ 14. Qxe2 b4 15. Bd2 Re8 16. Kh2 Bd7 17. Rfe1 Qa5 18. cxb4 cxb4 19. a3 Qb6 20. Bxb4 Nc6 21. Bc3 Nd4 22. Bxd4 1/2-1/2

[Event "Hamburg Junge op"]
[Site "Hamburg"]
[Date "2005.10.06"]
[Round "6"]
[White "Voigt, Martin"]
[Black "Krausser, Helmut"]
[Result "1/2-1/2"]
[WhiteElo "2319"]
[BlackElo "2130"]
[PlyCount "88"]
[EventDate "2005.10.01"]
[EventType "swiss"]
[EventRounds "9"]
[EventCountry "GER"]
[SourceTitle "CBM 108 Extra"]
[Source "ChessBase"]
[SourceDate "2005.11.04"]
[SourceVersion "1"]
[SourceVersionDate "2005.11.04"]
[SourceQuality "1"]

1. e4 c6 2. d4 d5 3. Nc3 dxe4 4. Nxe4 Nd7 5. Bc4 e6 6. Qe2 Ngf6 7. Ng5 Nb6 8. Bd3 h6 9. N5f3 c5 10. Ne5 a6 11. Ngf3 Nbd7 12. Bd2 cxd4 13. 0-0-0 Nc5 14. g4 Qd5 15. Kb1 Bd6 16. Rhe1 b5 17. h4 Bb7 18. g5 hxg5 19. hxg5 Nfe4 20. Bf4 Rc8 21. Bxb5+ axb5 22. Rxd4 Na4 23. Rxd5 Nac3+ 24. bxc3 Nxc3+ 25. Kb2 Nxe2 26. Rxd6 Nxf4 27. Rb6 Bxf3 28. Nxf3 Rh3 29. Nd4 Rh2 30. Rxb5 Rxf2 31. Kb3 Rd2 32. Re4 Ng6 33. Rb6 Ne7 34. Rh4 e5 35. Rh8+ Kd7 36. Rxc8 Nxc8 37. Rb7+ Ke8 38. Nb5 e4 39. Kc3 e3 40. Nd4 Nd6 41. Rb3 Ne4+ 42. Kc4 Nd6+ 43. Kc5 Ne4+ 44. Kc4 Nd6+ 1/2-1/2

[Event "Regionalliga SO 0102"]
[Site "Bayern"]
[Date "2002.04.14"]
[Round "8.2"]
[White "Vachal, Josef"]
[Black "Krausser, Helmut"]
[Result "1-0"]
[WhiteElo "2195"]
[BlackElo "2125"]
[PlyCount "103"]
[EventDate "2001.10.07"]
[EventType "team-tourn"]
[EventRounds "9"]
[EventCountry "GER"]
[SourceTitle "EXT 2003"]
[Source "ChessBase"]
[SourceDate "2002.11.25"]
[SourceVersion "1"]
[SourceVersionDate "2002.11.25"]
[SourceQuality "1"]
[WhiteTeam "Deggendorf"]
[BlackTeam "Unterpfaffenhofen"]
[WhiteTeamCountry "GER"]
[BlackTeamCountry "GER"]

1. e4 c6 2. d4 d5 3. Nc3 dxe4 4. Nxe4 Nd7 5. Nf3 Ngf6 6. Ng3 e6 7. Bd3 Be7 8. 0-0 0-0 9. Qe2 c5 10. c3 Qc7 11. Ng5 Re8 12. Re1 Bf8 13. Qf3 g6 14. Bf4 Qd8 15. Be5 Bg7 16. Rad1 Qe7 17. N5e4 Nxe4 18. Qxe4 f6 19. Bf4 Nb6 20. Bb5 Rf8 21. Qe2 Nd5 22. Bc1 Nc7 23. d5 Nxb5 24. Qxb5 e5 25. f4 Bg4 26. Rd3 a6 27. Qb3 Qf7 28. fxe5 fxe5 29. Be3 Rac8 30. Rd2 c4 31. Qb6 Rfd8 32. h3 Bf5 33. d6 Bd3 34. Rf2 Qd7 35. Bg5 Rf8 36. Be7 Rxf2 37. Qxf2 b5 38. Ne4 Bxe4 39. Rxe4 Qc6 40. Qe2 Qd5 41. Qg4 Re8 42. Re1 Bh6 43. Rd1 Qf7 44. d7 Qxe7 45. dxe8Q+ Qxe8 46. Qe4 Bg5 47. a4 Kg7 48. Qb7+ Kh6 49. Rd7 Bc1 50. Rxh7+ Kg5 51. Qf3 Bf4 52. g3 1-0

[Event "Regionalliga SO 0102"]
[Site "Bayern"]
[Date "2002.02.03"]
[Round "5.2"]
[White "Krausser, Helmut"]
[Black "Lochte, Thomas"]
[Result "0-1"]
[WhiteElo "2125"]
[BlackElo "2150"]
[PlyCount "82"]
[EventDate "2001.10.07"]
[EventType "team-tourn"]
[EventRounds "9"]
[EventCountry "GER"]
[SourceTitle "EXT 2003"]
[Source "ChessBase"]
[SourceDate "2002.11.25"]
[SourceVersion "1"]
[SourceVersionDate "2002.11.25"]
[SourceQuality "1"]
[WhiteTeam "Unterpfaffenhofen"]
[BlackTeam "Starnberg"]
[WhiteTeamCountry "GER"]
[BlackTeamCountry "GER"]

1. e4 e5 2. d4 exd4 3. Qxd4 Nc6 4. Qe3 Nf6 5. Bd2 b6 6. Nc3 Bc5 7. Qg3 0-0 8. 0-0-0 Qe7 9. Bg5 Qe6 10. Nh3 Nxe4 11. Nxe4 Qxe4 12. Bd3 Qe6 13. c3 Ne5 14. Bc2 Bd6 15. f4 Ng6 16. Qf3 Qxa2 17. Qxa8 h6 18. Qd5 Qxd5 19. Rxd5 hxg5 20. Bxg6 fxg6 21. Rxg5 Rxf4 22. Rxg6 Ra4 23. Kc2 Bb7 24. Kb3 Rh4 25. Re1 Bd5+ 26. Kc2 Be4+ 27. Rxe4 Rxe4 28. Kd3 Rh4 29. Nf2 Rxh2 30. Ne4 Be5 31. Rg5 d6 32. b4 Rh1 33. b5 a5 34. bxa6 Ra1 35. Kc4 Rxa6 36. Kb5 Ra5+ 37. Kc6 d5 38. Rxe5 dxe4 39. Rxe4 Rc5+ 40. Kd7 Rxc3 41. g4 Kf7 0-1

[Event "Regionalliga SO 0102"]
[Site "Bayern"]
[Date "2001.10.07"]
[Round "1.2"]
[White "Wenzel, Johannes"]
[Black "Krausser, Helmut"]
[Result "0-1"]
[WhiteElo "2160"]
[BlackElo "2125"]
[PlyCount "57"]
[EventDate "2001.10.07"]
[EventType "team-tourn"]
[EventRounds "9"]
[EventCountry "GER"]
[SourceTitle "EXT 2003"]
[Source "ChessBase"]
[SourceDate "2002.11.25"]
[SourceVersion "1"]
[SourceVersionDate "2002.11.25"]
[SourceQuality "1"]
[WhiteTeam "Freising"]
[BlackTeam "Unterpfaffenhofen"]
[WhiteTeamCountry "GER"]
[BlackTeamCountry "GER"]

1. Nf3 Nf6 2. c4 d6 3. d4 Bg4 4. Nc3 Bxf3 5. exf3 c6 6. d5 g6 7. f4 Bg7 8. Be2 0-0 9. 0-0 Nbd7 10. Be3 Qc7 11. Rc1 a6 12. dxc6 bxc6 13. Qd2 Rfd8 14. Rfd1 Nf8 15. Bf3 Rab8 16. b3 Ne6 17. Qd3 Nd7 18. Qe4 Rdc8 19. f5 Nf6 20. Qd3 Nf8 21. fxg6 Nxg6 22. Bg5 Qa5 23. Bd2 Ne5 24. Qe2 Qc7 25. Bf4 Nxf3+ 26. Qxf3 Qd7 27. Bg5 Ng4 28. h3 Ne5 29. Qe4 0-1

[Event "Regionalliga SO 0001"]
[Site "Bayern"]
[Date "2001.02.18"]
[Round "6.3"]
[White "Schaefer, Matthias"]
[Black "Krausser, Helmut"]
[Result "1/2-1/2"]
[WhiteElo "1970"]
[BlackElo "2130"]
[PlyCount "38"]
[EventDate "2000.10.15"]
[EventType "team-tourn"]
[EventRounds "9"]
[EventCountry "GER"]
[SourceTitle "EXT 2020"]
[Source "ChessBase"]
[SourceDate "2019.10.17"]
[SourceVersion "1"]
[SourceVersionDate "2019.10.17"]
[SourceQuality "1"]
[WhiteTeam "Starnberg SC"]
[BlackTeam "Unterpfaff Germering"]
[WhiteTeamCountry "GER"]
[BlackTeamCountry "GER"]

1. e4 c6 2. d3 d5 3. Nd2 e5 4. Ngf3 Bg4 5. h3 Bxf3 6. Qxf3 Nf6 7. Be2 Nbd7 8. Qg3 Qb6 9. 0-0 Be7 10. Nf3 dxe4 11. Nxe5 Nxe5 12. Qxe5 Qc5 13. Qxc5 Bxc5 14. dxe4 Nxe4 15. Bf3 f5 16. Bxe4 fxe4 17. Bg5 0-0 18. Rae1 Rf5 19. Be3 Rd8 1/2-1/2

[Event "Pyramiden Franken Cup 3rd"]
[Site "Fuerth"]
[Date "2000.08.25"]
[Round "7"]
[White "Zuehlke, Burkhard"]
[Black "Krausser, Helmut"]
[Result "1-0"]
[WhiteElo "2097"]
[BlackElo "2089"]
[PlyCount "101"]
[EventDate "2000.08.19"]
[EventType "swiss"]
[EventRounds "9"]
[EventCountry "GER"]
[SourceTitle "EXT 2010"]
[Source "ChessBase"]
[SourceDate "2010.11.25"]
[SourceVersion "1"]
[SourceVersionDate "2010.11.25"]
[SourceQuality "1"]

1. d4 d5 2. c4 dxc4 3. Nf3 Nf6 4. e3 e6 5. Bxc4 c5 6. 0-0 Be7 7. Qe2 0-0 8. dxc5 Bxc5 9. a3 a6 10. b4 Be7 11. Bb2 b5 12. Bd3 Nc6 13. Nc3 Qb6 14. Rac1 Bb7 15. Ne4 Nxe4 16. Bxe4 Rac8 17. Nd4 Bf6 18. Bxc6 Bxc6 19. Nxc6 Rxc6 20. Bxf6 gxf6 21. Qg4+ Kh8 22. Qf3 Rfc8 23. Qxf6+ Kg8 24. Rxc6 Qxc6 25. h4 Qc3 26. Qg5+ Kf8 27. Qh6+ Ke7 28. Rd1 Qxa3 29. Qg5+ Kf8 30. Rd4 Qc1+ 31. Kh2 Qc2 32. Qh6+ Ke7 33. Qg5+ Kf8 34. Qf6 Qg6 35. Qh8+ Qg8 36. Qe5 Qg6 37. h5 Qg7 38. Qd6+ Kg8 39. Qxa6 Qe5+ 40. g3 Rb8 41. Qd6 Qxd6 42. Rxd6 Kg7 43. Kg2 Rb7 44. f4 Kf6 45. Kf3 Ke7 46. Rc6 h6 47. Rc5 f5 48. e4 fxe4+ 49. Kxe4 Kf6 50. g4 Ke7 51. g5 1-0

[Event "Pyramiden Franken Cup 3rd"]
[Site "Fuerth"]
[Date "2000.08.23"]
[Round "5"]
[White "Vogiatzis, Dimitrios"]
[Black "Krausser, Helmut"]
[Result "0-1"]
[WhiteElo "2022"]
[BlackElo "2089"]
[PlyCount "60"]
[EventDate "2000.08.19"]
[EventType "swiss"]
[EventRounds "9"]
[EventCountry "GER"]
[SourceTitle "EXT 2010"]
[Source "ChessBase"]
[SourceDate "2010.11.25"]
[SourceVersion "1"]
[SourceVersionDate "2010.11.25"]
[SourceQuality "1"]

1. e4 c6 2. d4 d5 3. e5 Bf5 4. Nf3 e6 5. Be2 Nd7 6. 0-0 Ne7 7. Be3 Bg6 8. c4 Nf5 9. Bf4 Be7 10. Nc3 0-0 11. a3 dxc4 12. Bxc4 Nb6 13. Be2 Nd5 14. Bd2 Bh5 15. Nxd5 Qxd5 16. Bc3 Rfd8 17. Qe1 Qe4 18. Rd1 Nh4 19. Rd3 Bxf3 20. Re3 Nxg2 21. Bxf3 Qxf3 22. Rxf3 Nxe1 23. Rxe1 a5 24. Re4 Rd7 25. Kf1 b5 26. Ke2 g6 27. Bd2 b4 28. axb4 axb4 29. Rb3 Rad8 30. Be1 Rxd4 0-1

[Event "Pyramiden Franken Cup 3rd"]
[Site "Fuerth"]
[Date "2000.08.22"]
[Round "4"]
[White "Sargin, Anatol"]
[Black "Krausser, Helmut"]
[Result "0-1"]
[WhiteElo "1895"]
[BlackElo "2089"]
[PlyCount "60"]
[EventDate "2000.08.19"]
[EventType "swiss"]
[EventRounds "9"]
[EventCountry "GER"]
[SourceTitle "EXT 2010"]
[Source "ChessBase"]
[SourceDate "2010.11.25"]
[SourceVersion "1"]
[SourceVersionDate "2010.11.25"]
[SourceQuality "1"]

1. f4 g6 2. Nf3 Bg7 3. e3 Nf6 4. b3 0-0 5. Bb2 c6 6. Be2 d6 7. 0-0 Bg4 8. Qe1 Nbd7 9. Qh4 Bxf3 10. Rxf3 e5 11. f5 Nd5 12. Qg3 e4 13. Bxg7 exf3 14. Bxf8 fxe2 15. Bxd6 Qf6 16. Nc3 Nxc3 17. dxc3 Qxf5 18. Rc1 Nf6 19. Qf4 Qxf4 20. Bxf4 Rd8 21. Re1 Ne4 22. Bg3 Rd1 23. Bf2 h5 24. c4 g5 25. h3 g4 26. hxg4 hxg4 27. g3 Rd2 28. Kg2 Ng5 29. e4 Nf3 30. Rh1 e1Q 0-1

[Event "Pyramiden Franken Cup 2nd"]
[Site "Fuerth"]
[Date "1999.08.22"]
[Round "2"]
[White "Krausser, Helmut"]
[Black "Reich, Thomas"]
[Result "0-1"]
[WhiteElo "2166"]
[BlackElo "2394"]
[PlyCount "70"]
[EventDate "1999.08.21"]
[EventType "swiss"]
[EventRounds "9"]
[EventCountry "GER"]
[SourceTitle "EXT 2000"]
[Source "ChessBase"]
[SourceDate "1999.11.16"]
[SourceVersion "1"]
[SourceVersionDate "1999.11.16"]
[SourceQuality "1"]

1. e4 c5 2. Nc3 Nc6 3. g4 g6 4. Bg2 Bg7 5. d3 d6 6. Be3 Rb8 7. h3 b5 8. Qd2 Qa5 9. Nge2 h5 10. gxh5 Rxh5 11. f4 Nd4 12. Ng3 Rxh3 13. Kf2 Rxh1 14. Rxh1 b4 15. Nce2 Nxe2 16. Qxe2 Qxa2 17. b3 a5 18. e5 Kf8 19. d4 Nh6 20. Be4 Ng4+ 21. Kg2 d5 22. Bd3 c4 23. bxc4 dxc4 24. Be4 b3 25. f5 Nxe3+ 26. Qxe3 Bb7 27. f6 exf6 28. exf6 Bxf6 29. Qf4 Bxe4+ 30. Nxe4 Qxc2+ 31. Kg3 Qd3+ 32. Kg2 Re8 33. Qd6+ Be7 34. Qe5 Qe2+ 35. Kg3 Bh4+ 0-1

[Event "Regionalliga SO 9900"]
[Site "Bayern"]
[Date "1999.??.??"]
[Round "2.2"]
[White "Danzer, George"]
[Black "Krausser, Helmut"]
[Result "1-0"]
[WhiteElo "2085"]
[BlackElo "2115"]
[PlyCount "56"]
[EventDate "1999.??.??"]
[EventType "team-tourn"]
[EventRounds "9"]
[EventCountry "GER"]
[SourceTitle "EXT 2020"]
[Source "ChessBase"]
[SourceDate "2019.10.17"]
[SourceVersion "1"]
[SourceVersionDate "2019.10.17"]
[SourceQuality "1"]
[WhiteTeam "Dorfen PSV"]
[BlackTeam "Unterpfaff Germering"]
[WhiteTeamCountry "GER"]
[BlackTeamCountry "GER"]

1. c4 Nf6 2. Nc3 d5 3. cxd5 Nxd5 4. a3 e5 5. Nf3 Nc6 6. d3 Be7 7. e3 0-0 8. Be2 Be6 9. 0-0 Qd7 10. Qc2 Rad8 11. Rd1 f5 12. Na4 b6 13. Bd2 Bf6 14. Rac1 Nce7 15. e4 c5 16. exd5 Nxd5 17. Nc3 h6 18. Bf1 g5 19. Nxd5 Bxd5 20. Bc3 Qg7 21. Nd2 Rd7 22. Re1 Re7 23. b4 Rc8 24. bxc5 Rxc5 25. Qb2 Rcc7 26. a4 Rc8 27. Nc4 b5 28. axb5 Rb7 1-0

[Event "Berliner Sommer 16th"]
[Site "Berlin"]
[Date "1998.??.??"]
[Round "5"]
[White "Petrov, Marian"]
[Black "Krausser, Helmut"]
[Result "1-0"]
[WhiteElo "2380"]
[BlackElo "2155"]
[PlyCount "91"]
[EventDate "1998.08.08"]
[EventType "swiss"]
[EventRounds "9"]
[EventCountry "GER"]
[SourceTitle "CBM 066 Extra"]
[Source "ChessBase"]
[SourceDate "1998.11.06"]
[SourceVersion "1"]
[SourceVersionDate "1998.11.06"]
[SourceQuality "1"]

1. e4 c6 2. d4 d5 3. Nc3 dxe4 4. Nxe4 Nd7 5. Bc4 e6 6. Nf3 Ngf6 7. Qe2 Nxe4 8. Qxe4 Nf6 9. Qe2 Qc7 10. 0-0 Bd6 11. Bg5 Nd5 12. Rad1 0-0 13. Bh4 b5 14. Bb3 a5 15. c3 a4 16. Bc2 a3 17. b4 f6 18. Qd3 g6 19. Bg3 Ra7 20. Rfe1 Bf4 21. Bb3 Qd6 22. Nd2 Qd8 23. Bxd5 Bxg3 24. Bxe6+ Bxe6 25. Rxe6 Qd5 26. Re2 Bb8 27. Nf1 f5 28. Qe3 f4 29. Qe6+ Raf7 30. Nd2 Kg7 31. f3 Qd8 32. Qxc6 Rc7 33. Qxb5 Rxc3 34. Ne4 Re3 35. Rxe3 fxe3 36. Qe2 Qc7 37. g3 Qf7 38. Kg2 Qb7 39. b5 Rf5 40. Nc3 Qc8 41. Qxe3 Rh5 42. h4 g5 43. Qe7+ Kg8 44. Re1 Bxg3 45. Kxg3 Qb8+ 46. Kg2 1-0

[Event "Regensburg op"]
[Site "Regensburg"]
[Date "1998.??.??"]
[Round "5"]
[White "Prang, Edgar"]
[Black "Krausser, Helmut"]
[Result "0-1"]
[WhiteElo "2305"]
[BlackElo "2155"]
[PlyCount "78"]
[EventDate "1998.??.??"]
[EventType "swiss"]
[EventRounds "7"]
[EventCountry "GER"]
[SourceTitle "EXT 2000"]
[Source "ChessBase"]
[SourceDate "1999.11.16"]
[SourceVersion "1"]
[SourceVersionDate "1999.11.16"]
[SourceQuality "1"]

1. Nf3 g6 2. g3 Bg7 3. Bg2 d6 4. d4 Nf6 5. 0-0 0-0 6. b3 e5 7. dxe5 dxe5 8. Bb2 Nfd7 9. e4 Nc6 10. Na3 Nc5 11. Re1 Bg4 12. h3 Bxf3 13. Qxf3 Ne6 14. Rad1 Ncd4 15. Qe3 Qe7 16. c3 Nc6 17. Nc4 Rfd8 18. Rd5 Rd7 19. Red1 Rad8 20. Ba3 Qe8 21. R1d3 b5 22. Nb2 b4 23. Bxb4 Nxb4 24. cxb4 Nd4 25. Na4 c6 26. Rxd7 Qxd7 27. Nc5 Qc7 28. a3 Bf8 29. Bf1 a5 30. f4 axb4 31. axb4 Qb6 32. Rc3 Qxb4 33. Rc4 Qa3 34. Qc3 exf4 35. gxf4 Nb5 36. Qf6 Bxc5+ 37. Kh1 Be7 38. Qxc6 Qxb3 39. Rc1 Qf3+ 0-1

[Event "Regionalliga SO 9697"]
[Site "Bayern"]
[Date "1997.05.04"]
[Round "9"]
[White "Jergler, Karl Heinz"]
[Black "Krausser, Helmut"]
[Result "0-1"]
[WhiteElo "2150"]
[BlackElo "2050"]
[PlyCount "38"]
[EventDate "1996.10.13"]
[EventType "team-tourn"]
[EventRounds "9"]
[EventCountry "GER"]
[SourceTitle "EXT 1999"]
[Source "ChessBase"]
[SourceDate "1998.11.16"]
[SourceVersion "1"]
[SourceVersionDate "1998.11.16"]
[SourceQuality "1"]
[WhiteTeam "Ebersberg Grafing"]
[BlackTeam "Unterpfaff Germering"]
[WhiteTeamCountry "GER"]
[BlackTeamCountry "GER"]

1. e4 c6 2. d4 d5 3. e5 Bf5 4. c4 e6 5. Nc3 Nd7 6. Be3 Bg6 7. c5 Ne7 8. Bd3 Bxd3 9. Qxd3 Nf5 10. Nge2 Be7 11. 0-0 0-0 12. Bd2 f6 13. Nf4 Nxd4 14. exf6 Bxf6 15. b4 e5 16. Nh5 a5 17. Nxf6+ Qxf6 18. Ne2 Qg6 19. Qe3 Rf3 0-1

[Event "Regionalliga SO 9697"]
[Site "Bayern"]
[Date "1997.03.02"]
[Round "7"]
[White "Krausser, Helmut"]
[Black "Ager, Josef"]
[Result "0-1"]
[WhiteElo "2100"]
[BlackElo "2235"]
[PlyCount "81"]
[EventDate "1996.10.13"]
[EventType "team-tourn"]
[EventRounds "9"]
[EventCountry "GER"]
[SourceTitle "EXT 1999"]
[Source "ChessBase"]
[SourceDate "1998.11.16"]
[SourceVersion "1"]
[SourceVersionDate "1998.11.16"]
[SourceQuality "1"]
[WhiteTeam "Unterpfaff Germering"]
[BlackTeam "Simbach"]
[WhiteTeamCountry "GER"]
[BlackTeamCountry "GER"]

1. e4 Nf6 2. e5 Nd5 3. d4 d6 4. c4 Nb6 5. f4 g6 6. a4 a5 7. Nf3 Bg7 8. Be2 0-0 9. 0-0 Na6 10. Be3 Be6 11. d5 Bg4 12. Nbd2 c5 13. Kh1 Nb4 14. e6 fxe6 15. Ng5 Bxe2 16. Qxe2 exd5 17. Ne6 Qd7 18. Nxg7 Kxg7 19. cxd5 Nc2 20. Nc4 Nxc4 21. Qxc4 Nxe3 22. Qc3+ Rf6 23. Qxe3 Raf8 24. Qc3 b6 25. Rae1 R8f7 26. b3 Kg8 27. Qc4 Qg4 28. h3 Qg3 29. Qe4 Qxb3 30. Rb1 Qg3 31. Rxb6 Rxf4 32. Rxf4 Qxf4 33. Qe6 Kg7 34. Rb7 Qe5 35. Qxe5+ dxe5 36. Rc7 e4 37. Rxc5 e3 38. Kg1 e2 39. Rc1 Rf1+ 40. Rxf1 exf1Q+ 41. Kxf1 0-1

[Event "Regionalliga SO 9697"]
[Site "Bayern"]
[Date "1996.12.03"]
[Round "3"]
[White "Krausser, Helmut"]
[Black "Pflug, Matthias"]
[Result "1/2-1/2"]
[WhiteElo "2120"]
[BlackElo "1995"]
[PlyCount "107"]
[EventDate "1996.10.13"]
[EventType "team-tourn"]
[EventRounds "9"]
[EventCountry "GER"]
[SourceTitle "EXT 1999"]
[Source "ChessBase"]
[SourceDate "1998.11.16"]
[SourceVersion "1"]
[SourceVersionDate "1998.11.16"]
[SourceQuality "1"]
[WhiteTeam "Unterpfaff Germering"]
[BlackTeam "Dorfen PSV"]
[WhiteTeamCountry "GER"]
[BlackTeamCountry "GER"]

1. d4 f5 2. c4 g6 3. g3 Bg7 4. Bg2 Nf6 5. Nc3 0-0 6. Nh3 Nc6 7. 0-0 d6 8. Nf4 g5 9. Nfd5 h6 10. Nxf6+ Bxf6 11. e3 e5 12. dxe5 dxe5 13. Qxd8 Nxd8 14. Nd5 c6 15. Nxf6+ Rxf6 16. Rd1 Rf8 17. b3 Nf7 18. Bb2 Be6 19. Rd2 Rfd8 20. Rad1 Rxd2 21. Rxd2 Re8 22. Kf1 Kf8 23. Ke1 Ke7 24. Ba3+ Kf6 25. Bc5 a6 26. Kd1 Rd8 27. Rxd8 Nxd8 28. Kd2 Bg8 29. Kc3 Ke6 30. Kb4 Kd7 31. Ka5 e4 32. Bf8 h5 33. Kb6 g4 34. Ba3 Kc8 35. Bb2 Ne6 36. Bf6 Nf8 37. Bd4 Nd7+ 38. Ka7 c5 39. Bg7 Kc7 40. Bc3 Be6 41. Bf1 b6 42. b4 cxb4 43. Bxb4 Ne5 44. Bc3 Nxc4 45. Kxa6 Kc6 46. a4 Bc8+ 47. Ka7 Be6 48. Bd4 Nd6 49. Be5 Bc4 50. Bxd6 Bxf1 51. Be5 Bd3 52. Bd4 Bc2 53. Bxb6 Bxa4 54. Ka6 1/2-1/2

[Event "Casino op 4th"]
[Site "Velden"]
[Date "1996.??.??"]
[Round "8"]
[White "Krausser, Helmut"]
[Black "Mahdy, Khaled"]
[Result "0-1"]
[WhiteElo "2200"]
[BlackElo "2390"]
[PlyCount "78"]
[EventDate "1996.06.??"]
[EventType "swiss"]
[EventRounds "9"]
[EventCountry "AUT"]
[SourceTitle "EXT 1997"]
[Source "ChessBase"]
[SourceDate "1996.11.15"]
[SourceVersion "1"]
[SourceVersionDate "1996.11.15"]
[SourceQuality "1"]

1. d4 Nf6 2. Nf3 c5 3. d5 g6 4. c4 Bg7 5. Nc3 0-0 6. e4 d6 7. Nd2 e6 8. Be2 Na6 9. 0-0 Nc7 10. a4 b6 11. f3 Re8 12. Re1 Rb8 13. Nf1 exd5 14. cxd5 a6 15. Bg5 b5 16. axb5 Nxb5 17. Nxb5 axb5 18. Qd2 Qc7 19. Ra5 c4 20. Qb4 Nd7 21. Rxb5 Ba6 22. Rxb8 Rxb8 23. Qa3 Nc5 24. b4 cxb3 25. Bxa6 Ra8 26. Qb4 Rxa6 27. Qb5 Ra8 28. Qc4 b2 29. Nd2 Ra1 30. Nb1 Qa5 31. Qe2 Qa2 32. Qc2 Qb3 33. Qe2 Qd3 34. Qf1 Bd4+ 35. Kh1 Qxf1+ 36. Rxf1 Nd3 37. e5 Nf2+ 38. Kg1 Nd1+ 39. Kh1 Rxb1 0-1

[Event "Oberbayern-ch"]
[Site "Germany"]
[Date "1996.??.??"]
[Round "?"]
[White "Schlosser, Andreas"]
[Black "Krausser, Helmut"]
[Result "1-0"]
[WhiteElo "2110"]
[BlackElo "2130"]
[PlyCount "47"]
[EventDate "1996.??.??"]
[EventType "swiss"]
[EventRounds "7"]
[EventCountry "GER"]
[SourceTitle "EXT 2004"]
[Source "ChessBase"]
[SourceDate "2003.11.25"]
[SourceVersion "1"]
[SourceVersionDate "2003.11.25"]
[SourceQuality "1"]

1. d4 d5 2. Nf3 e6 3. Bf4 f5 4. e3 Nf6 5. c4 c6 6. Nc3 Be7 7. Be2 0-0 8. 0-0 Bd7 9. Qb3 b6 10. Rfc1 Be8 11. cxd5 exd5 12. Ne5 Bf7 13. h3 Nfd7 14. Nxf7 Rxf7 15. Nxd5 g5 16. Nxe7+ Qxe7 17. Bxb8 b5 18. Be5 Nxe5 19. dxe5 g4 20. hxg4 Kh8 21. Rxc6 fxg4 22. Bxg4 Rg7 23. Rc8+ Rxc8 24. Bxc8 1-0